[Event "C.to Provinciale BG"]
[Site "Bergamo ITA"]
[Date "2013.01.19"]
[Round "1"]
[White "Rota, Simone"]
[Black "Biava, Pierluigi"]
[WhiteElo "2039"]
[BlackElo "1653"]
[Result "1-0"]
[PlyCount "93"]
[EventDate "2013.01.19"]

1. d4 Nf6 2. c4 e6 3. Nf3 b6 4. g3 Bb7 5. Bg2 Bb4+ 6. Bd2 Qe7 7. O-O O-O 8. Nc3
d5 9. Ne5 c5 10. dxc5 Bxc5 11. cxd5 exd5 12. Nd3 Nbd7 13. Nf4 Rfe8 14. Ncxd5
Nxd5 15. Bxd5 Bxd5 16. Nxd5 Qe5 17. Bc3 Qb8 18. Qa4 Qb7 19. Rad1 Ne5 20. Qe4
Qb8 21. Qf5 Ng6 22. Rfe1 Qc8 23. Qxc8 Raxc8 24. Kg2 Ne7 25. Nf4 Rcd8 26. Nh5 f6
27. Nf4 Kf7 28. h4 Ng6 29. Nd3 Bd4 30. Bxd4 Rxd4 31. h5 Nf8 32. e3 Rd7 33. Nb4
Red8 34. Rxd7+ Rxd7 35. Re2 Ne6 36. Rc2 Nc5 37. Nc6 a5 38. Nd4 Rd5 39. g4 g6
40. hxg6+ hxg6 41. Rc4 Rg5 42. Nf3 Rd5 43. b4 Nd7 44. Kg3 Ne5 45. Nxe5+ Rxe5
46. Rc7+ Ke6 47. Rc6+ 1-0

[Event "C.to Provinciale BG"]
[Site "Bergamo ITA"]
[Date "2013.01.19"]
[Round "1"]
[White "Scarabelli, Maurizio"]
[Black "Colonetti, Fabio"]
[WhiteElo "1801"]
[BlackElo "1457"]
[Result "1-0"]
[PlyCount "71"]
[EventDate "2013.01.19"]

1. e4 e5 2. Nf3 Nc6 3. Bb5 a6 4. Ba4 Bc5 5. O-O d6 6. c3 Nf6 7. d3 O-O 8. Be3
Bb6 9. Bxb6 cxb6 10. Nbd2 Bd7 11. Re1 Rc8 12. Nf1 b5 13. Bc2 Qb6 14. Ne3 b4 15.
Qd2 Rc7 16. Nh4 Rfc8 17. Nhf5 a5 18. Nxd6 Ra8 19. Ndf5 h6 20. Nc4 Qc5 21. Nce3
a4 22. Rac1 Bxf5 23. Nxf5 Qb5 24. Re3 a3 25. bxa3 Rxa3 26. Bb3 bxc3 27. Rxc3
Qb4 28. Rg3 Ne8 29. Qxh6 Qf8 30. Nxg7 Nxg7 31. Rh3 Nh5 32. Qxh5 Qg7 33. Rg3 Rd7
34. Rxg7+ Kxg7 35. Qg4+ Kf8 36. Qxd7 1-0

[Event "C.to Provinciale BG"]
[Site "Bergamo ITA"]
[Date "2013.01.19"]
[Round "1"]
[White "Silini, Bruno"]
[Black "Cocconcelli, Lorenzo"]
[WhiteElo "1621"]
[BlackElo "2031"]
[Result "0-1"]
[PlyCount "54"]
[EventDate "2013.01.19"]

1. e4 e6 2. Nc3 d5 3. exd5 exd5 4. d4 Nf6 5. Bf4 Bd6 6. Bxd6 Qxd6 7. Qe2+ Be6
8. Qb5+ Nbd7 9. Qxb7 O-O 10. Qa6 Qb4 11. O-O-O Rab8 12. Bb5 Rb6 13. a3 Qd6 14.
Qxa7 Rfb8 15. Bxd7 Nxd7 16. Qa5 Ra6 17. Nb5 Qf4+ 18. Qd2 Qxd2+ 19. Rxd2 Rxb5
20. Ne2 Rb7 21. Re1 g5 22. f3 Nb6 23. c3 Nc4 24. Rc2 Bf5 25. g4 Bxc2 26. Kxc2
Rxb2+ 27. Kd3 Rd2# 0-1

[Event "C.to Provinciale BG"]
[Site "Bergamo ITA"]
[Date "2013.01.19"]
[Round "1"]
[White "Villa, Giorgio"]
[Black "Tedoldi, Guido"]
[WhiteElo "1979"]
[BlackElo "1621"]
[Result "1-0"]
[PlyCount "43"]
[EventDate "2013.01.19"]

1. d4 d5 2. Nf3 Nf6 3. c4 e6 4. Bg5 c5 5. cxd5 Qa5+ 6. Bd2 Qb6 7. dxe6 Bxe6 8.
e3 Qxb2 9. Nc3 Qb6 10. Rb1 Qc7 11. Bb5+ Nc6 12. Qa4 Bd6 13. e4 cxd4 14. Nxd4
O-O 15. Nxc6 bxc6 16. Bxc6 Rab8 17. Rc1 Rfc8 18. Nb5 Qb6 19. Nxd6 Ng4 20. O-O
Rd8 21. Ba5 Qa6 22. Bxd8 1-0

[Event "C.to Provinciale BG"]
[Site "Bergamo ITA"]
[Date "2013.01.20"]
[Round "2"]
[White "Biava, Pierluigi"]
[Black "Andolfatto, Maria"]
[WhiteElo "1653"]
[BlackElo "1428"]
[Result "1-0"]
[PlyCount "131"]
[EventDate "2013.01.19"]

1. c4 e5 2. Nc3 Bc5 3. e3 Nc6 4. Be2 Nge7 5. a3 a5 6. Ne4 b6 7. Nf3 d5 8. Nxc5
bxc5 9. cxd5 Qxd5 10. O-O O-O 11. Qc2 Kh8 12. d3 f6 13. Bd2 Rb8 14. Rfc1 Be6
15. Ne1 Rb6 16. Bc3 Qd6 17. Qd2 Rd8 18. Rd1 Bb3 19. Nc2 Bxc2 20. Qxc2 Nd5 21.
Rac1 Nxc3 22. Qxc3 h6 23. Bf3 a4 24. Rc2 Rb3 25. Qxc5 Qxc5 26. Rxc5 Nb8 27.
Rxc7 Rxb2 28. Rc3 Rb3 29. Rdc1 Na6 30. Be4 g5 31. g4 Kg7 32. Kg2 Rh8 33. Bd5
Rd8 34. Bxb3 axb3 35. Rxb3 h5 36. Rb7+ Kg6 37. gxh5+ Kxh5 38. Rc6 Ra8 39. Rxf6
g4 40. Rf5+ Kg6 41. Rxe5 Kf6 42. Ra5 Nc5 43. Rxc5 Rd8 44. d4 Rd6 45. Rh5 Kg6
46. Rbb5 Ra6 47. Rhg5+ Kf6 48. Rxg4 Rxa3 49. h4 Ra8 50. h5 Rh8 51. Rg6+ Kf7 52.
Kg3 Rxh5 53. Rxh5 Kxg6 54. Rc5 Kf6 55. Kg4 Ke6 56. e4 Kd6 57. Re5 Kc6 58. f4
Kd6 59. f5 Kc6 60. f6 Kd6 61. f7 Kc6 62. f8=Q Kd7 63. Qe7+ Kc6 64. Qc5+ Kd7 65.
Re7+ Kd8 66. Qc7# 1-0

[Event "C.to Provinciale BG"]
[Site "Bergamo ITA"]
[Date "2013.01.20"]
[Round "2"]
[White "Cocconcelli, Lorenzo"]
[Black "Guerini, Silvia jr"]
[WhiteElo "2031"]
[BlackElo "1756"]
[Result "0-1"]
[PlyCount "86"]
[EventDate "2013.01.19"]

1. d4 Nf6 2. c4 g6 3. Nc3 Bg7 4. e4 d6 5. Bd3 O-O 6. Nge2 e5 7. d5 a5 8. O-O
Nbd7 9. Rb1 Ne8 10. Be3 f5 11. exf5 gxf5 12. f4 e4 13. Bc2 Ndf6 14. h3 Qe7 15.
Ng3 Qf7 16. Qe1 Kh8 17. Qf2 Rg8 18. Ba4 Qg6 19. Rfd1 Bh6 20. Nge2 Nh5 21. Kf1
Nef6 22. Rd2 Bd7 23. Bxd7 Nxd7 24. Nb5 Rac8 25. a3 Rg7 26. b4 axb4 27. axb4
Ndf6 28. Ned4 Re7 29. Ne6 Ne8 30. Qh4 Rd7 31. g4 fxg4 32. hxg4 Nxf4 33. Bxf4 e3
34. Rdb2 Bxf4 35. Nxf4 Rf7 36. Qg3 Qe4 37. Kg1 Rxf4 38. Nc3 Qxc4 39. Rg2 Nf6
40. Qxe3 Rxg4 41. Rbb2 Rcg8 42. Qf3 Qd4+ 43. Kh1 Rh4+ 0-1

[Event "C.to Provinciale BG"]
[Site "Bergamo ITA"]
[Date "2013.01.20"]
[Round "2"]
[White "Colonetti, Fabio"]
[Black "Guerini, Sara"]
[WhiteElo "1457"]
[BlackElo "1685"]
[Result "0-1"]
[PlyCount "98"]
[EventDate "2013.01.19"]

1. e4 e5 2. Nf3 Nc6 3. Bc4 Bc5 4. Nc3 Nf6 5. d3 d6 6. Bg5 h6 7. Bh4 g5 8. Bg3
Nh5 9. Na4 Bb6 10. Nxb6 axb6 11. c3 Nf4 12. Bxf4 gxf4 13. d4 Bg4 14. d5 Ne7 15.
h3 Bh5 16. Rc1 Rg8 17. Rg1 Ng6 18. Be2 Kf8 19. a3 Qd7 20. Qd2 Bxf3 21. Bxf3 Qa4
22. Qc2 Nh4 23. Bg4 Qxc2 24. Rxc2 Ke7 25. f3 Rg5 26. g3 fxg3 27. Rxg3 h5 28.
Kf2 hxg4 29. hxg4 Rh8 30. Rh3 Rgg8 31. Kg3 Ng6 32. Rch2 Rxh3+ 33. Rxh3 Rh8 34.
Rxh8 Nxh8 35. f4 f6 36. f5 Nf7 37. Kf3 Ng5+ 38. Ke3 Kf7 39. Kd3 Kg7 40. Ke3 Kh6
41. Kd3 Nh3 42. Ke3 Kg5 43. Kf3 Nf4 44. Kg3 Nd3 45. b3 Nc5 46. Kf3 Nxb3 47. Kg3
Nd2 48. a4 Nxe4+ 49. Kf3 Nxc3 0-1

[Event "C.to Provinciale BG"]
[Site "Bergamo ITA"]
[Date "2013.01.20"]
[Round "2"]
[White "Filice, Davide"]
[Black "Chiarparin, Matteo"]
[WhiteElo "1716"]
[BlackElo "1458"]
[Result "1-0"]
[PlyCount "117"]
[EventDate "2013.01.19"]

1. Nf3 d5 2. c4 c6 3. d4 Nf6 4. Nc3 e6 5. cxd5 cxd5 6. Bg5 Be7 7. e3 Nc6 8. Bb5
O-O 9. Rc1 Ne8 10. Bxe7 Qxe7 11. O-O Nd6 12. Bxc6 bxc6 13. Na4 Ba6 14. Re1 Rac8
15. Nc5 Bb7 16. b3 f6 17. a4 e5 18. a5 a6 19. Qe2 e4 20. Nd2 Nb5 21. Rc2 Rfd8
22. Nb1 Rd6 23. Rec1 Rb8 24. Nc3 Kf8 25. Nxb5 cxb5 26. Nxb7 Rxb7 27. Rc8+ Rd8
28. Qh5 Qe8 29. Qxh7 Kf7 30. R1c7+ Rxc7 31. Rxc7+ Rd7 32. Qh5+ Ke7 33. Qxe8+
Kxe8 34. Rxd7 Kxd7 35. b4 Ke6 36. f3 Kf5 37. Kf2 Ke6 38. h4 f5 39. g4 Kf6 40.
Kg3 g6 41. fxe4 dxe4 42. Kf4 fxg4 43. Kxg4 Ke6 44. Kg5 Kd5 45. Kxg6 Kc4 46. d5
Kxd5 47. h5 Kc4 48. h6 Kxb4 49. h7 Kxa5 50. h8=Q Ka4 51. Qd4+ b4 52. Qxe4 a5
53. Qc2+ b3 54. Qb2 Kb4 55. e4 a4 56. e5 a3 57. Qd4+ Ka5 58. Qc5+ Ka6 59. Qxa3+
1-0

[Event "C.to Provinciale BG"]
[Site "Bergamo ITA"]
[Date "2013.01.20"]
[Round "2"]
[White "Foglieni, Matteo"]
[Black "Attuati, Luca"]
[WhiteElo "1801"]
[BlackElo "1469"]
[Result "1-0"]
[PlyCount "65"]
[EventDate "2013.01.19"]

1. Nf3 Nf6 2. g3 Nc6 3. Bg2 d6 4. O-O g6 5. c4 Bg7 6. Nc3 O-O 7. d3 Bd7 8. Bd2
Qc8 9. Rb1 Bh3 10. b4 Bxg2 11. Kxg2 e5 12. e4 Nd4 13. Nd5 Nxd5 14. cxd5 Qd7 15.
Nxd4 exd4 16. Rc1 b5 17. Rc6 Rfe8 18. Qc2 Re7 19. Rc1 Rc8 20. Bg5 f6 21. Bf4
Re5 22. Bxe5 fxe5 23. Rxc7 Rxc7 24. Qxc7 Qxc7 25. Rxc7 Bh6 26. Rxa7 Bd2 27. a3
h5 28. Ra6 Bc1 29. Kf1 Kf7 30. Ke2 g5 31. Rxd6 Bxa3 32. Re6 Bxb4 33. Rxe5 1-0

[Event "C.to Provinciale BG"]
[Site "Bergamo ITA"]
[Date "2013.01.20"]
[Round "2"]
[White "Maffeis, Fabio"]
[Black "Silini, Bruno"]
[WhiteElo "1391"]
[BlackElo "1621"]
[Result "0-1"]
[PlyCount "68"]
[EventDate "2013.01.19"]

1. d4 d5 2. c4 e6 3. Nc3 Nf6 4. Nf3 c6 5. Bf4 dxc4 6. e4 b5 7. Qc2 b4 8. Na4
Qa5 9. b3 c3 10. Bc4 Bb7 11. Bd3 Nbd7 12. Rd1 Rc8 13. Be3 Be7 14. O-O Qh5 15.
Bf4 h6 16. Ne5 Nxe5 17. dxe5 Nd7 18. Rfe1 c5 19. Re3 g5 20. Be2 Qg6 21. Bg3 h5
22. h3 g4 23. Bh2 gxh3 24. Rxh3 Bxe4 25. Qxe4 Qxe4 26. Bf3 c2 27. Rc1 Qh7 28.
Rxh5 Qxh5 29. Bxh5 Rxh5 30. Rxc2 Nxe5 31. f3 Nd3 32. Nb2 Rd8 33. Nxd3 Rxd3 34.
Kf2 Rxh2 0-1

[Event "C.to Provinciale BG"]
[Site "Bergamo ITA"]
[Date "2013.01.20"]
[Round "2"]
[White "Moroni, Luca jr"]
[Black "Falchi, Claudio"]
[WhiteElo "2161"]
[BlackElo "1867"]
[Result "1-0"]
[PlyCount "73"]
[EventDate "2013.01.19"]

1. Nf3 e6 2. c4 d5 3. g3 c6 4. b3 Nd7 5. d4 f5 6. Bg2 Bd6 7. O-O Qe7 8. a4 Ngf6
9. Ba3 O-O 10. Bxd6 Qxd6 11. Na3 Ne4 12. Nc2 f4 13. Nce1 e5 14. cxd5 cxd5 15.
dxe5 Nxe5 16. Nxe5 Qxe5 17. Nd3 Qe6 18. Nxf4 Rxf4 19. gxf4 Nc3 20. Qd2 Ne4 21.
Qd3 Bd7 22. Rfd1 Bc6 23. b4 b6 24. b5 Bb7 25. Rac1 Qf7 26. Bxe4 dxe4 27. Qd8+
Rxd8 28. Rxd8+ Qf8 29. Rxf8+ Kxf8 30. Rc7 Bd5 31. Rxa7 Bb3 32. Kf1 Bc4 33. Ke1
h6 34. Kd2 Kg8 35. f5 Bb3 36. a5 bxa5 37. b6 1-0

[Event "C.to Provinciale BG"]
[Site "Bergamo ITA"]
[Date "2013.01.20"]
[Round "2"]
[White "Oteri, Aldo"]
[Black "Rota, Simone"]
[WhiteElo "1794"]
[BlackElo "2039"]
[Result "1/2-1/2"]
[PlyCount "83"]
[EventDate "2013.01.19"]

1. e4 c5 2. Nf3 d6 3. d4 cxd4 4. Nxd4 Nf6 5. Nc3 e6 6. Bg5 Be7 7. f4 h6 8. Bh4
Nxe4 9. Bxe7 Nxc3 10. Bxd8 Nxd1 11. Bc7 Nxb2 12. Bb5+ Bd7 13. Bxd6 a6 14. Rb1
Bxb5 15. Rxb2 Kd7 16. Nxb5 axb5 17. Bxb8 Rhxb8 18. O-O Kc6 19. f5 e5 20. f6 g6
21. Re1 Re8 22. Re4 Re6 23. c4 Ra5 24. g4 b4 25. h4 Rxf6 26. Rxb4 b6 27. a4 Rf4
28. Rxf4 exf4 29. c5 bxc5 30. Rxf4 Ra7 31. Kf2 Kd5 32. Ke3 c4 33. h5 Rxa4 34.
Rxf7 Ra3+ 35. Kd2 gxh5 36. Rf5+ Kd4 37. Rxh5 Ra2+ 38. Kc1 Rg2 39. Rxh6 Rxg4 40.
Rh2 Rg3 41. Kc2 Kc5 42. Rh8 1/2-1/2

[Event "C.to Provinciale BG"]
[Site "Bergamo ITA"]
[Date "2013.01.20"]
[Round "2"]
[White "Prevedello, Daniele"]
[Black "Ferrari, Paolo"]
[WhiteElo "1527"]
[BlackElo "1717"]
[Result "1-0"]
[PlyCount "133"]
[EventDate "2013.01.19"]

1. c4 c5 2. Nc3 g6 3. Nf3 Bg7 4. g3 Nf6 5. Bg2 O-O 6. d3 d5 7. cxd5 Nxd5 8. Qb3
e6 9. Nd2 Nxc3 10. bxc3 Nc6 11. Bxc6 bxc6 12. Rb1 Re8 13. c4 Re7 14. Bb2 Rb7
15. Qc2 e5 16. Nb3 Rab8 17. O-O Bh3 18. Rfd1 f5 19. Nxc5 Rf7 20. Ne6 Qf6 21.
Nxg7 Rxg7 22. Qc3 Bg4 23. f3 Bh5 24. Qxe5 Qxe5 25. Bxe5 Rxb1 26. Rxb1 Re7 27.
d4 c5 28. Kf2 g5 29. Bf6 Re6 30. Bxg5 cxd4 31. Rd1 Ra6 32. Rd2 Bf7 33. Rxd4
Rxa2 34. c5 Rc2 35. Rd8+ Kg7 36. Be3 Bc4 37. Rd2 Rxd2 38. Bxd2 Bb5 39. e4 fxe4
40. fxe4 Kf6 41. Ke3 h5 42. Kf4 Bd7 43. Bc3+ Ke6 44. Kg5 Be8 45. g4 hxg4 46.
Kxg4 Bg6 47. Kf4 Bh7 48. Ba5 Bg6 49. c6 Be8 50. c7 Bd7 51. h4 Kf6 52. Bc3+ Kf7
53. h5 Bc8 54. h6 Kg6 55. Bg7 a5 56. Ke5 a4 57. Kd6 Kf7 58. Kc6 a3 59. Kb6 a2
60. Ka7 Kg6 61. Kb8 Be6 62. c8=Q Bxc8 63. Kxc8 a1=Q 64. Bxa1 Kxh6 65. e5 Kg7
66. e6+ Kf8 67. Kd7 1-0

[Event "C.to Provinciale BG"]
[Site "Bergamo ITA"]
[Date "2013.01.20"]
[Round "2"]
[White "Ranfagni, Stefano"]
[Black "Scarabelli, Maurizio"]
[WhiteElo "2040"]
[BlackElo "1801"]
[Result "1/2-1/2"]
[PlyCount "105"]
[EventDate "2013.01.19"]

1. e4 c5 2. Nc3 Nc6 3. g3 d6 4. Bg2 g6 5. d3 Bg7 6. Be3 e6 7. Qd2 Bd7 8. f4 Nd4
9. Nce2 Qb6 10. c3 Nxe2 11. Nxe2 a5 12. O-O Ne7 13. Rad1 Qc7 14. g4 f5 15. gxf5
gxf5 16. Ng3 h5 17. Qe2 O-O-O 18. Nxh5 Rdg8 19. Nxg7 Rxg7 20. Bf2 Be8 21. Bg3
Bf7 22. b4 Ng6 23. Qb2 Nh4 24. Bh1 Be8 25. bxa5 Qxa5 26. Qb3 Rh6 27. Rb1 Bc6
28. Kf2 Kd7 29. Rg1 Rgh7 30. e5 d5 31. Rb2 Qa7 32. c4 Kc7 33. Rgb1 Ng6 34. a4
Ne7 35. a5 Qxa5 36. Ra2 Rxh2+ 37. Bxh2 Rxh2+ 38. Bg2 Rxg2+ 39. Kxg2 dxc4+ 40.
Kf2 cxb3 41. Rxa5 Kb6 42. Ra8 Bd5 43. Ke3 Nc6 44. Kd2 Nd4 45. Rd8 Kb5 46. Rxd5
exd5 47. Kc3 Kc6 48. Re1 Kd7 49. Kb2 b5 50. Rh1 c4 51. Rh7+ Ke8 52. dxc4 bxc4
53. Rh2 1/2-1/2

[Event "C.to Provinciale BG"]
[Site "Bergamo ITA"]
[Date "2013.01.20"]
[Round "2"]
[White "Tarelli, Daniele"]
[Black "Cattaneo, Marco"]
[WhiteElo "1936"]
[BlackElo "2066"]
[Result "1/2-1/2"]
[PlyCount "176"]
[EventDate "2013.01.19"]

1. c4 g6 2. g3 Bg7 3. Bg2 d6 4. d4 f5 5. Nc3 Nf6 6. Nf3 O-O 7. Qb3 Kh8 8. Bf4
Na6 9. Rd1 Qe8 10. a3 h6 11. h4 Nh5 12. Qc2 e5 13. dxe5 dxe5 14. Be3 c6 15. Qd2
f4 16. gxf4 Nxf4 17. Bxf4 Rxf4 18. e3 Rf8 19. e4 Bg4 20. Qe3 Qf7 21. Rd3 Qxc4
22. Nxe5 Bxe5 23. Qxh6+ Kg8 24. Qxg6+ Bg7 25. Rg3 Qd4 26. Qxg4 Qxf2+ 27. Kd1
Rad8+ 28. Kc1 Qf4+ 29. Qxf4 Rxf4 30. Rg1 Kh8 31. Bf1 Bh6 32. Bxa6 bxa6 33. Rg6
Rxh4+ 34. Kb1 Be3 35. R1g3 Bf4 36. Rg2 Rc8 37. R6g4 Rxg4 38. Rxg4 Be5 39. Kc2
Bg7 40. Rg5 Kg8 41. Ra5 Kf7 42. Rxa6 Rc7 43. Na2 Ke6 44. Nb4 Kd6 45. b3 Kc5 46.
Nd3+ Kd4 47. Ra4+ Ke3 48. Rc4 Rd7 49. Nb4 Ke2 50. e5 Rd2+ 51. Kb1 Rd1+ 52. Rc1
Bxe5 53. Rxd1 Kxd1 54. Nxc6 Bd6 55. Kb2 a6 56. b4 Kd2 57. Kb3 Kd3 58. Na5 Kd4
59. Nb7 Be7 60. Ka4 Kc4 61. Na5+ Kd5 62. Kb3 Bd8 63. Nc4 Bc7 64. Kc3 Kc6 65.
Nb2 a5 66. Nc4 axb4+ 67. Kxb4 Bd8 68. a4 Bc7 69. Ne3 Kb7 70. Kb5 Bh2 71. a5 Bg1
72. Nc4 Ka7 73. a6 Bf2 74. Nd6 Bg1 75. Nc8+ Kb8 76. Nd6 Ka7 77. Ka5 Bb6+ 78.
Kb5 Bg1 79. Nc8+ Kb8 80. Ne7 Ka7 81. Nc6+ Ka8 82. Kc4 Bf2 83. Kd5 Bg1 84. Kd6
Bf2 85. Kc7 Bg1 86. Nb4 Ka7 87. Kc6 Bf2 88. Kb5 Bg1 1/2-1/2

[Event "C.to Provinciale BG"]
[Site "Bergamo ITA"]
[Date "2013.01.20"]
[Round "2"]
[White "Tedoldi, Guido"]
[Black "Colonetti, Giacomo"]
[WhiteElo "1621"]
[BlackElo "1374"]
[Result "1-0"]
[PlyCount "80"]
[EventDate "2013.01.19"]

1. c4 f5 2. d4 Nf6 3. Nc3 e6 4. Nf3 b6 5. Bf4 Bb4 6. e3 O-O 7. Bd3 Bb7 8. O-O
d5 9. Nb5 Na6 10. Rc1 c6 11. Nc3 Bd6 12. cxd5 Bxf4 13. dxc6 Bxh2+ 14. Nxh2 Bxc6
15. Bxa6 Qe8 16. Bc4 Bxg2 17. Bxe6+ Qxe6 18. Kxg2 Rad8 19. Qb3 Qxb3 20. axb3 a6
21. Nf3 Rd6 22. Ne5 Ng4 23. Nxg4 fxg4 24. Ne4 Re6 25. Ng3 g6 26. d5 Re5 27. e4
h5 28. Rh1 Rf3 29. d6 Rd3 30. Rc6 Rb5 31. d7 Rxd7 32. Rxg6+ Kh7 33. Rc6 Rxb3
34. Rxh5+ Kg8 35. Rc2 b5 36. Rg5+ Rg7 37. Rxg7+ Kxg7 38. e5 Kf7 39. Re2 Ke6 40.
Ne4 Kd5 1-0

[Event "C.to Provinciale BG"]
[Site "Bergamo ITA"]
[Date "2013.01.20"]
[Round "2"]
[White "Tentori, Giulio"]
[Black "Villa, Giorgio"]
[WhiteElo "1720"]
[BlackElo "1979"]
[Result "0-1"]
[PlyCount "42"]
[EventDate "2013.01.19"]

1. e4 c6 2. d4 d5 3. e5 Bf5 4. g4 Bd7 5. Nc3 Qb6 6. Na4 Qc7 7. Nc3 e6 8. Be3 c5
9. f4 cxd4 10. Qxd4 Nc6 11. Qd2 h5 12. g5 a6 13. a3 d4 14. Bxd4 Nxd4 15. Qxd4
Bc6 16. Ne4 Rd8 17. Qe3 Qa5+ 18. c3 Bc5 19. Qe2 Qb6 20. Nf3 Bxe4 21. Qxe4 Qxb2
0-1

[Event "C.to Provinciale BG"]
[Site "Bergamo ITA"]
[Date "2013.01.20"]
[Round "2"]
[White "Villa, Claudio"]
[Black "Folcini, Gaddo"]
[WhiteElo "1813"]
[BlackElo "1611"]
[Result "1-0"]
[PlyCount "64"]
[EventDate "2013.01.19"]

1. d4 e5 2. dxe5 Nc6 3. Nf3 d5 4. exd6 Bxd6 5. g3 Nf6 6. Bg2 Bg4 7. O-O O-O 8.
Bg5 h6 9. Be3 Bxf3 10. Bxf3 Ne5 11. Bg2 Qe7 12. c3 Rad8 13. Qc2 Neg4 14. Bd4
Nxh2 15. Bxf6 Qxf6 16. Kxh2 Bc5 17. e3 Rd5 18. Bxd5 Bxe3 19. Na3 Bb6 20. Nc4
Qg5 21. Rad1 Qh5+ 22. Kg2 c6 23. Bf3 Qb5 24. Nd6 Qc5 25. Nxb7 Qg5 26. Rd7 h5
27. Nd6 h4 28. Rh1 f5 29. Qb3+ Kh7 30. Rxh4+ Kg6 31. Bh5+ Qxh5 32. Rxh5 Kxh5
1-0

[Event "C.to Provinciale BG"]
[Site "Bergamo ITA"]
[Date "2013.01.20"]
[Round "3"]
[White "Attuati, Luca"]
[Black "Tentori, Giulio"]
[WhiteElo "1469"]
[BlackElo "1720"]
[Result "0-1"]
[PlyCount "74"]
[EventDate "2013.01.19"]

1. e4 e5 2. Nf3 Nf6 3. Nc3 Nc6 4. Bb5 Bc5 5. O-O d6 6. Re1 O-O 7. h3 Be6 8. Na4
Bb6 9. Nxb6 axb6 10. Bxc6 bxc6 11. b3 Nd7 12. d4 f5 13. Ng5 Qf6 14. Nxe6 Qxe6
15. Bb2 fxe4 16. Rxe4 Qf5 17. Qe2 d5 18. Re3 e4 19. a4 Rf6 20. Rf1 Rg6 21. Rg3
Rxg3 22. fxg3 Qg6 23. g4 Qe6 24. Bc1 Re8 25. Be3 c5 26. c3 cxd4 27. cxd4 c5 28.
Qe1 cxd4 29. Bxd4 Nc5 30. Qc3 Rc8 31. Re1 Nd3 32. Qxd3 exd3 33. Rxe6 d2 34.
Bxb6 d1=Q+ 35. Kh2 Qxb3 36. a5 d4 37. Re7 d3 0-1

[Event "C.to Provinciale BG"]
[Site "Bergamo ITA"]
[Date "2013.01.20"]
[Round "3"]
[White "Cattaneo, Marco"]
[Black "Oteri, Aldo"]
[WhiteElo "2066"]
[BlackElo "1794"]
[Result "1-0"]
[PlyCount "55"]
[EventDate "2013.01.19"]

1. d4 Nf6 2. Nf3 g6 3. c4 Bg7 4. Nc3 O-O 5. e4 d6 6. h3 Nbd7 7. Bg5 c5 8. d5 h6
9. Bf4 g5 10. Be3 Qa5 11. Qd2 Nh5 12. g3 Ne5 13. Nxe5 Bxe5 14. Be2 Nf6 15. Bd3
Nh5 16. f4 Bxc3 17. bxc3 f6 18. Kf2 Bd7 19. h4 Be8 20. hxg5 fxg5 21. f5 Nf6 22.
Bxg5 h5 23. Bxf6 Rxf6 24. g4 hxg4 25. Kg3 Kg7 26. Qg5+ Bg6 27. fxg6 Qxc3 28.
Qh6+ 1-0

[Event "C.to Provinciale BG"]
[Site "Bergamo ITA"]
[Date "2013.01.20"]
[Round "3"]
[White "Chiarparin, Matteo"]
[Black "Maffeis, Fabio"]
[WhiteElo "1458"]
[BlackElo "1391"]
[Result "1-0"]
[PlyCount "67"]
[EventDate "2013.01.19"]

1. e4 e5 2. Nf3 Nf6 3. Nc3 Nc6 4. Bc4 h6 5. d3 d6 6. Be3 Be7 7. h3 Be6 8. Bb3
Qd7 9. Ne2 d5 10. Ng3 d4 11. Bd2 Bxb3 12. axb3 Nb4 13. Nxe5 Qb5 14. Nc4 Qc5 15.
Bxb4 Qxb4+ 16. Qd2 b5 17. Qxb4 Bxb4+ 18. Nd2 c5 19. Kd1 O-O 20. Ne2 Bxd2 21.
Kxd2 Rfd8 22. Ra5 a6 23. Rha1 Ra7 24. Rxa6 Re7 25. Ra8 Rde8 26. Rxe8+ Rxe8 27.
Ra6 Rb8 28. Rc6 Nd7 29. f4 Kf8 30. Rc7 Ke8 31. c3 Kd8 32. Ra7 dxc3+ 33. bxc3
Ke7 34. d4 1-0

[Event "C.to Provinciale BG"]
[Site "Bergamo ITA"]
[Date "2013.01.20"]
[Round "3"]
[White "Falchi, Claudio"]
[Black "Biava, Pierluigi"]
[WhiteElo "1867"]
[BlackElo "1653"]
[Result "1-0"]
[PlyCount "59"]
[EventDate "2013.01.19"]

1. e4 c5 2. Nc3 e6 3. g3 Nc6 4. Bg2 Nf6 5. d3 d5 6. f4 d4 7. Nce2 Be7 8. Nf3
Qb6 9. Nd2 h5 10. h3 Bd7 11. Nc4 Qc7 12. O-O O-O-O 13. c3 Be8 14. Qc2 b5 15.
Nd2 Nd7 16. Nf3 Nb6 17. Bd2 e5 18. Nxe5 Nxe5 19. fxe5 dxc3 20. Bxc3 b4 21. Bd2
Qd7 22. d4 Qb5 23. Nf4 Rxd4 24. Nd5 Bd8 25. Be3 Rc4 26. Qd2 b3 27. axb3 Qxb3
28. Rxa7 Rc2 29. Qa5 Qxb2 30. Qa6+ 1-0

[Event "C.to Provinciale BG"]
[Site "Bergamo ITA"]
[Date "2013.01.20"]
[Round "3"]
[White "Ferrari, Paolo"]
[Black "Andolfatto, Maria"]
[WhiteElo "1717"]
[BlackElo "1428"]
[Result "1/2-1/2"]
[PlyCount "74"]
[EventDate "2013.01.19"]

1. d4 d5 2. c4 dxc4 3. Nc3 Nf6 4. Nf3 h6 5. e4 c6 6. Bxc4 Bg4 7. Be3 e6 8. O-O
Bb4 9. Rc1 Bxc3 10. bxc3 Nxe4 11. h3 Bh5 12. Be2 Bg6 13. Qb3 b6 14. Ne5 Bh7 15.
Bd3 O-O 16. f3 Ng3 17. Bxh7+ Kxh7 18. Rf2 Nf5 19. Bf4 Qd5 20. Qc2 Kg8 21. g4
Ne7 22. Qe2 Nd7 23. Re1 Nxe5 24. Bxe5 Ng6 25. Kh2 Nxe5 26. dxe5 Rad8 27. Rc1
Rd7 28. Qe3 Qc4 29. Rd2 Rfd8 30. Rcd1 Rxd2+ 31. Rxd2 Rxd2+ 32. Qxd2 Qd5 33. Qe2
Qa5 34. c4 Qc3 35. h4 Qd4 36. Kg2 Qd8 37. Kg3 Qd4 1/2-1/2

[Event "C.to Provinciale BG"]
[Site "Bergamo ITA"]
[Date "2013.01.20"]
[Round "3"]
[White "Folcini, Gaddo"]
[Black "Prevedello, Daniele"]
[WhiteElo "1611"]
[BlackElo "1527"]
[Result "0-1"]
[PlyCount "126"]
[EventDate "2013.01.19"]

1. e4 c5 2. d4 cxd4 3. c3 dxc3 4. Nxc3 Nc6 5. Nf3 d6 6. Bc4 Bg4 7. Bxf7+ Kxf7
8. Ng5+ Ke8 9. Qxg4 Nf6 10. Qe6 Nd4 11. Qf7+ Kd7 12. O-O h6 13. Rd1 Qb6 14. Be3
hxg5 15. Bxd4 Qa5 16. e5 Ne8 17. e6+ Kd8 18. Qf3 Rb8 19. b4 g4 20. bxa5 gxf3
21. Bxa7 Ra8 22. Bb6+ Kc8 23. Nb5 Rh5 24. Rac1+ Kb8 25. Nc7 Nxc7 26. Bxc7+ Ka7
27. Rb1 fxg2 28. Rdc1 Ka6 29. Rb6+ Kxa5 30. Rxd6+ Ka4 31. Rd4+ Ka3 32. Rc3+ Kb2
33. Re3 Kc2 34. Rc4+ Kd2 35. Bf4 Kd1 36. Rd3+ Ke2 37. Rd2+ Kf3 38. Be3 g5 39.
Rc3 Ke4 40. Rd4+ Ke5 41. Rc5+ Kxe6 42. f4 Rh3 43. f5+ Kf6 44. Rd3 Rh4 45. Bd4+
Kf7 46. a3 Rd8 47. Rc4 Bg7 48. f6 Bxf6 49. Bxf6 Rxd3 50. Rxh4 gxh4 51. Bxh4
Rxa3 52. Kxg2 b5 53. Be1 Re3 54. Kf2 Re4 55. Bd2 b4 56. Kf3 Rc4 57. Ke3 b3 58.
Kd3 Rc7 59. Bc3 Rb7 60. Bb2 Kg6 61. Ke4 Kg5 62. Kd5 Kg4 63. Kc6 Ra7 0-1

[Event "C.to Provinciale BG"]
[Site "Bergamo ITA"]
[Date "2013.01.20"]
[Round "3"]
[White "Guerini, Sara"]
[Black "Villa, Claudio"]
[WhiteElo "1685"]
[BlackElo "1813"]
[Result "1-0"]
[PlyCount "101"]
[EventDate "2013.01.19"]

1. e4 c6 2. d4 d5 3. exd5 cxd5 4. Bd3 Nc6 5. c3 Nf6 6. Bf4 g6 7. Nf3 Bg7 8.
Nbd2 Qb6 9. Qc2 O-O 10. h3 Bd7 11. O-O Rac8 12. Qb3 Qxb3 13. Nxb3 Nd8 14. Rfe1
Ne6 15. Bh2 b6 16. Ne5 Ba4 17. Nd2 Nd7 18. Ndf3 a5 19. Ba6 Ra8 20. Bb7 Ra7 21.
Bxd5 Nxe5 22. Nxe5 Bxe5 23. Bxe5 Nc7 24. Bf3 e6 25. b3 Bd7 26. c4 f6 27. Bf4
Rd8 28. Rad1 Bc8 29. Be3 Na8 30. d5 e5 31. Kh2 Rad7 32. g3 Kg7 33. Bg2 h6 34.
h4 Bb7 35. g4 g5 36. hxg5 hxg5 37. Be4 Rh8+ 38. Kg3 Kf8 39. Rh1 Rxh1 40. Rxh1
Rg7 41. Rh6 Kf7 42. Bf5 Ke7 43. Be4 Rf7 44. Kf3 Kd8 45. Bf5 Kc7 46. Be6 Rf8 47.
Rh7+ Kb8 48. Ke4 Nc7 49. Kf5 b5 50. Bc5 Re8 51. Bd6 1-0

[Event "C.to Provinciale BG"]
[Site "Bergamo ITA"]
[Date "2013.01.20"]
[Round "3"]
[White "Guerini, Silvia jr"]
[Black "Ranfagni, Stefano"]
[WhiteElo "1756"]
[BlackElo "2040"]
[Result "0-1"]
[PlyCount "116"]
[EventDate "2013.01.19"]

1. e4 e5 2. Nc3 Nc6 3. Bc4 Nf6 4. d3 Bb4 5. Bd2 d6 6. h3 Be6 7. Bb3 Nd4 8. Nf3
Nxb3 9. axb3 h6 10. O-O O-O 11. Be3 a6 12. Ne2 c6 13. Ng3 Re8 14. c3 Ba5 15. d4
exd4 16. Nxd4 Bb6 17. Qc2 Bd7 18. Rfe1 d5 19. exd5 Nxd5 20. Qd2 Nxe3 21. Rxe3
Rxe3 22. Qxe3 Qf6 23. Rd1 Rd8 24. Qe2 Be6 25. Nf3 Bxb3 26. Re1 Bd5 27. Nh2 Bc4
28. Qc2 Qf4 29. Re4 Qxg3 30. Rxc4 Qd6 31. Rb4 Bc7 32. Nf1 b5 33. Rd4 Qf6 34.
Rxd8+ Bxd8 35. Qe4 Bb6 36. Ne3 Qe6 37. Qf4 Bxe3 38. fxe3 a5 39. Qd4 a4 40. e4
Qe7 41. e5 c5 42. Qd5 g6 43. Kh2 b4 44. cxb4 cxb4 45. Kh1 a3 46. bxa3 bxa3 47.
Qb3 Qa7 48. Qa2 Qe3 49. Qd5 Kg7 50. Kh2 Qa7 51. Qa2 Qc5 52. Qa1 Kh7 53. Kh1 Qe3
54. Qf1 Qb3 55. Kh2 a2 56. h4 Qe6 57. Qa1 Qc4 58. Kg1 Qb3 0-1